[Event "Cocquio Trevisago op 15th"]
[Site "Cocquio Trevisago"]
[Date "2002.10.27"]
[Round "5"]
[White "Bertrecchi, Corrado"]
[Black "Giovannini, Gabriele"]
[Result "1-0"]
[WhiteElo "1398"]
[BlackElo "1462"]
[PlyCount "61"]
[EventDate "2002.10.19"]
[EventType "swiss"]
[EventRounds "6"]
[EventCountry "ITA"]
[SourceTitle "EXT 2024"]
[Source "ChessBase"]
[SourceDate "2023.10.10"]
[SourceVersion "1"]
[SourceVersionDate "2023.10.10"]
[SourceQuality "1"]

1. b3 d5 2. Ba3 b6 3. Nf3 c5 4. e3 a6 5. c4 e6 6. Bb2 Nf6 7. Be2 Bd6 8. 0-0 Bb7 9. d4 Nbd7 10. Nbd2 Qc7 11. Re1 dxc4 12. Nxc4 Be7 13. dxc5 Bxc5 14. Rc1 Rd8 15. Qc2 0-0 16. Nce5 Qb8 17. Nxd7 Rxd7 18. Ng5 h6 19. Bxf6 hxg5 20. Bxg5 Bd6 21. f4 f6 22. Qg6 Bb4 23. Bc4 Bd5 24. Red1 fxg5 25. Bxd5 exd5 26. Rxd5 Rxd5 27. Qe6+ Kh8 28. Qxd5 gxf4 29. Rc4 Bc5 30. Kh1 fxe3 31. Rh4# 1-0

[Event "Cocquio Trevisago op 15th"]
[Site "Cocquio Trevisago"]
[Date "2002.10.20"]
[Round "2"]
[White "Giovannini, Gabriele"]
[Black "Della Rocca, Luigi"]
[Result "0-1"]
[WhiteElo "1462"]
[BlackElo "1645"]
[PlyCount "70"]
[EventDate "2002.10.19"]
[EventType "swiss"]
[EventRounds "6"]
[EventCountry "ITA"]
[SourceTitle "EXT 2024"]
[Source "ChessBase"]
[SourceDate "2023.10.10"]
[SourceVersion "1"]
[SourceVersionDate "2023.10.10"]
[SourceQuality "1"]

1. e4 c5 2. Nf3 Nc6 3. d4 cxd4 4. Nxd4 Nf6 5. Nc3 g6 6. Be3 Bg7 7. Nxc6 bxc6 8. e5 Ng8 9. Bd4 Nh6 10. e6 0-0 11. Bxg7 Kxg7 12. Qd4+ Kg8 13. Qf4 Nf5 14. exf7+ Rxf7 15. Bc4 e6 16. g4 Nh4 17. Qh6 Nf3+ 18. Kd1 Qb6 19. Qe3 Qb4 20. b3 d5 21. a3 Qd6 22. Be2 d4 23. Qd3 Ne5 24. Ne4 Qd5 25. c4 dxc3 26. Qxd5 exd5 27. Nxc3 Bxg4 28. h3 Bxe2+ 29. Kxe2 Raf8 30. Raf1 Rf3 31. Rc1 Rxf2+ 32. Ke3 R8f4 33. Rcd1 d4+ 34. Rxd4 R2f3+ 35. Ke2 Rxd4 0-1